Normal view
MARC view
- Sprankle, Maureen
Entry Personal Name
001 - CONTROL NUMBER
- control field: 66089
003 - CONTROL NUMBER IDENTIFIER
- control field: KE-NaSUL
005 - DATE AND TIME OF LATEST TRANSACTION
- control field: 20250825162653.0
008 - FIXED-LENGTH DATA ELEMENTS
- fixed length control field: 250825|| aca||aabn | a|a d
040 ## - CATALOGING SOURCE
- Original cataloging agency: KE-NaSUL
- Transcribing agency: KE-NaSUL
100 ## - HEADING--PERSONAL NAME
- Personal name: Sprankle, Maureen
670 ## - SOURCE DATA FOUND
- Source citation: Work cat.: (KE-NaSUL)44827: Sprankle, Maureen., Problem solving and programming concepts /, c2009.